Представление документа в формате RUSMARC

ПолеНазваниеЗначение
  Тип записи a
  Библиографический уровень m
001 Контрольный номер 861ffc3404844c55a7aca2ec87af50b6
005 Дата корректировки 20260515150358.1
010 Индекс ISBN __
a ISBN 978-5-370-05392-4
b Уточнения в пер.
9 Тираж 27000 экз.
d Цена 488-03
100 Данные общей обработки __
a Данные общей обработки 20260507d2024 mady0rusy028902 ca
101 Язык документа 0_
a Язык текста rus
102 Страна публикации __
a Страна публикации RU
105 Кодированные данные (монография) __
a Кодированные данные (монография) a z 000yd
181 Поле кодированных данных: вид содержания _0
a Код вида содержания (ISBD) i
182 Поле кодированных данных: тип средства _0
a Код типа средства (ISBD) n
200 Заглавие и сведения об ответственности 1_
a Заглавие А. В. Суворов, М. И. Кутузов, Г. К. Жуков. Защитники земли русской
f Первые сведения об ответственности [редактор-составитель Наталья Лосева]
203 Вид содержания и тип средства __
c Тип средства непосредственный
a Вид содержания Текст
210 Выходные данные 1_
a Место издания Москва
c Издательство Омега-Л
d Дата издания 2024
215 Физическое описание __
a Объем 111 с.
c Иллюстрации/тип воспроизводства портр.
d Формат 27 см
225 Серия 2_
a Серия Великие имена
330 Аннотация __
a Аннотация "Великие имена" — это серия книг, благодаря которым читатель познакомится с биографиями самых ярких и известных деятелей России. Все самое главное о поэтах, писателях, музыкантах, ученых и политиках с мировым именем.
333 Примечание о целевом назначении __
a Примечание о целевом назначении 12+. Для детей старше 12 лет
517 Другие варианты заглавия 1_
a Другие варианты заглавия Защитники земли русской
517 Другие варианты заглавия 1_
a Другие варианты заглавия Суворов А. В., Кутузов М. И., Жуков Г. К.
600 Персоналии _1
a Персоналии (Фамилия) Суворов
b Персоналии (Имя) А. В.
g Полное имя Александр Васильевич
f Даты 1730-1800
2 Код системы nlr_sh
600 Персоналии _1
a Персоналии (Фамилия) Кутузов
b Персоналии (Имя) М. И.
g Полное имя Михаил Илларионович
f Даты 1745-1813
2 Код системы nlr_sh
600 Персоналии _1
2 Код системы nlr_sh
a Персоналии (Фамилия) Жуков
b Персоналии (Имя) Г. К.
g Полное имя Георгий Константинович
f Даты 1896-1974
606 Тематические рубрики __
2 Код системы nlr_sh
a Основная рубрика Военное дело
606 Тематические рубрики __
2 Код системы nlr_sh
a Основная рубрика Вооруженные силы СССР и России
y Географическая подрубрика Россия
y Географическая подрубрика Российская империя
y Географическая подрубрика СССР
z Хронологическая подрубрика 19 в.
z Хронологическая подрубрика 18 в.
610 Ключевые слова 0_
a Ключевые слова военные деятели
610 Ключевые слова 0_
a Ключевые слова полководцы
610 Ключевые слова 0_
a Ключевые слова биографии
610 Ключевые слова 0_
a Ключевые слова персоналии
610 Ключевые слова 0_
a Ключевые слова военачальники
610 Ключевые слова 0_
a Ключевые слова патриотическая литература
610 Ключевые слова 0_
a Ключевые слова историческая литература
610 Ключевые слова 0_
a Ключевые слова патриотическое воспитание
686 Индексы других классификаций __
2 Код системы rubbks
a Классификационный индекс 68.424.3(2)д; ст68.4(2)д
702 Вторичная интеллектуальная ответственность _1
a Фамилия Лосева
b Имя Н. В.
g Полное личное имя Наталья Владимировна
4 Код отношения 220
4 Код отношения 340
801 Источник записи _0
b Организация Муниципальное бюджетное учреждение культуры "Централизованная библиотечная система" г. Сургут (Центральная городская библиотека им. А. С. Пушкина)
a Страна RU
c Дата составления 20260507
g Правила каталогизации PSBO
801 Источник записи _1
b Организация Муниципальное бюджетное учреждение культуры "Централизованная библиотечная система" г. Сургут (Центральная городская библиотека им. А. С. Пушкина)
a Страна RU
c Дата составления 20260507
g Правила каталогизации PSBO
852 Данные о местонахождении 5_
i Авторский знак С 89
j Шифр хранения 68.424.3(2)д
900 Макрообъекты __
a Макрообъекты А. В. Суворов, М. И. Кутузов, Г. К. Жуков., 2024
901 Тип документа __
a Ответственный КиК/Обаева
t Тип документа m
901 Тип документа __
a Ответственный 6 партия
903 Характеристики (МАРС) __
a Дата передачи 20260507
c Наименование библиотеки (МАРС) Муниципальное бюджетное учреждение культуры "Централизованная библиотечная система" г. Сургут (Центральная городская библиотека им. А. С. Пушкина)
990 Данные о заказе (DOS) __
j Количество экземпляров (DOS) 3
t N записи в КСУ для И/У (DOS) 202606